[Event "12. Torneo Villa de Mondragón - Arrasat"]
[Site "Mondragón ESP"]
[Date "2012.09.21"]
[Round "2.2"]
[White "Etxagibel Larrañaga, Asier"]
[Black "Prieto Aranguren, Alain"]
[Result "1-0"]
[WhiteElo "2077"]
[BlackElo "2231"]
[PlyCount "55"]
[EventDate "2012.09.14"]
[EventType "swiss"]
[EventRounds "6"]
[EventCountry "ESP"]
[Source "lmi"]
[SourceDate "2012.09.14"]

1. e4 c6 2. d4 d5 3. exd5 cxd5 4. Bd3 Nc6 5. c3 Nf6 6. h3 g6 7. Nf3 Bg7 8. Bf4
O-O 9. O-O Nh5 10. Bh2 Bh6 11. Nbd2 Nf4 12. Bc2 f6 13. Re1 Qd6 14. a4 b6 15. c4
Nb4 16. cxd5 Nbxd5 17. Bb3 Bb7 18. Nc4 Qd7 19. Ne3 e6 20. Ng4 Bg7 21. Qd2 Nh5
22. Rac1 Rfe8 23. Rc2 Rac8 24. Rec1 Rxc2 25. Rxc2 Rc8 26. Qc1 Rxc2 27. Qxc2
Ndf4 28. Qd2 1-0

[Event "12. Torneo Villa de Mondragón - Arrasat"]
[Site "Mondragón ESP"]
[Date "2012.09.21"]
[Round "2.4"]
[White "Tornay Gomez, Josu"]
[Black "Carrascal Korta, Eneko"]
[Result "1-0"]
[WhiteElo "2103"]
[BlackElo "613"]
[PlyCount "35"]
[EventDate "2012.09.14"]
[EventType "swiss"]
[EventRounds "6"]
[EventCountry "ESP"]
[Source "lmi"]
[SourceDate "2012.09.14"]

1. e4 c5 2. Nc3 Nc6 3. f4 g6 4. Nf3 Bg7 5. Bc4 Nf6 6. d3 d6 7. O-O O-O 8. f5
gxf5 9. Qe1 Nd4 10. Qh4 Nxf3+ 11. Rxf3 fxe4 12. dxe4 e6 13. Bg5 d5 14. exd5
exd5 15. Nxd5 Be6 16. Nxf6+ Bxf6 17. Bxf6 Qd7 18. Qg5# 1-0

[Event "12. Torneo Villa de Mondragón - Arrasat"]
[Site "Mondragón ESP"]
[Date "2012.09.28"]
[Round "3.5"]
[White "Ruiz Abad, Juan Manuel"]
[Black "Urrutia Domaika, Liher"]
[Result "1-0"]
[WhiteElo "2041"]
[BlackElo "632"]
[PlyCount "118"]
[EventDate "2012.09.14"]
[EventType "swiss"]
[EventRounds "6"]
[EventCountry "ESP"]
[Source "lmi"]
[SourceDate "2012.09.14"]

1. e4 e5 2. Nf3 Nc6 3. Bb5 Nf6 4. Qe2 g6 5. c3 Bg7 6. O-O O-O 7. Rd1 a6 8. Ba4
b5 9. Bb3 d6 10. d3 Bd7 11. Nbd2 Rc8 12. Nf1 Bg4 13. h3 Be6 14. Bc2 Re8 15. a4
Rb8 16. axb5 axb5 17. Bg5 b4 18. d4 Bd7 19. Ne3 b3 20. Bb1 Ra8 21. Rxa8 Qxa8
22. Bxf6 Bxf6 23. Nd5 Qd8 24. Qc4 Na5 25. Qxc7 Qxc7 26. Nxc7 Rc8 27. Nd5 Bd8
28. dxe5 dxe5 29. Nxe5 Be6 30. Nf4 Bc7 31. Nxe6 fxe6 32. Nf3 Nc4 33. Rd4 Nxb2
34. Kf1 Bb6 35. Rb4 Rxc3 36. Rxb6 Rc1+ 37. Ke2 Rxb1 38. Rxb3 h5 39. Nd2 Rg1 40.
Rxb2 Rxg2 41. Nf3 Kf7 42. Kf1 Rxf2+ 43. Kxf2 Kf6 44. Rb5 Ke7 45. Kg3 Kd6 46.
Kf4 Kc6 47. Rg5 Kd6 48. Rxg6 Kc5 49. Rxe6 Kc4 50. Rd6 h4 51. e5 Kc5 52. Rd1 Kc4
53. Ke3 Kc5 54. e6 Kc4 55. e7 Kc5 56. e8=R Kc6 57. Rc8+ Kb7 58. Rc2 Kb6 59.
Rb1+ Ka5 1-0

[Event "12. Torneo Villa de Mondragón - Arrasat"]
[Site "Mondragón ESP"]
[Date "2012.09.28"]
[Round "3.6"]
[White "Carrascal Korta, Eneko"]
[Black "Ruiz Martinez, Isidro"]
[Result "0-1"]
[WhiteElo "613"]
[BlackElo "2016"]
[PlyCount "56"]
[EventDate "2012.09.14"]
[EventType "swiss"]
[EventRounds "6"]
[EventCountry "ESP"]
[Source "lmi"]
[SourceDate "2012.09.14"]

1. e4 e5 2. Nf3 d6 3. h3 Nf6 4. Nc3 Be7 5. Bc4 O-O 6. d3 Nbd7 7. Be3 c6 8. Qd2
Qc7 9. a3 b6 10. d4 exd4 11. Nxd4 Ne5 12. b3 Nxc4 13. bxc4 Ba6 14. Nf5 Bxc4 15.
Nxg7 Kxg7 16. Bh6+ Kh8 17. Bxf8 Rxf8 18. g4 b5 19. g5 Nd7 20. h4 Ne5 21. Qe3
Qa5 22. Kd2 Be6 23. f4 Nc4+ 24. Kd3 Nxe3 25. Kxe3 Qxc3+ 26. Ke2 Bg4+ 27. Kf2
Qf3+ 28. Ke1 Qe2# 0-1

[Event "12. Torneo Villa de Mondragón - Arrasat"]
[Site "Mondragón ESP"]
[Date "2012.10.07"]
[Round "4.9"]
[White "Urrutia Domaika, Liher"]
[Black "Montolio Benedicto, Cesar"]
[Result "0-1"]
[WhiteElo "632"]
[BlackElo "1955"]
[PlyCount "92"]
[EventDate "2012.09.14"]
[EventType "swiss"]
[EventRounds "6"]
[EventCountry "ESP"]
[Source "lmi"]
[SourceDate "2012.09.14"]

1. e4 c5 2. Nf3 Nc6 3. d4 cxd4 4. Nxd4 d6 5. Be3 Nf6 6. Nc3 e5 7. Nde2 a6 8.
Qd2 Be7 9. O-O-O Ng4 10. f3 Nxe3 11. Qxe3 O-O 12. Kb1 Be6 13. Nc1 Nd4 14. g4
Qc7 15. h4 Rfd8 16. g5 b5 17. Bd3 Rdc8 18. Rd2 Bf8 19. Rg2 Qc5 20. Qf2 b4 21.
Nd1 d5 22. Ne3 dxe4 23. fxe4 a5 24. h5 a4 25. g6 fxg6 26. hxg6 h6 27. Nf5 Nxf5
28. exf5 Bd5 29. Rf1 Bxg2 30. Qxg2 Be7 31. Be4 Rab8 32. Bd5+ Kf8 33. Nd3 Qd4
34. Re1 Bf6 35. Be6 Rc7 36. Qe4 Rd8 37. Qxd4 Rxd4 38. Kc1 Rxd3 39. Re4 b3 40.
axb3 axb3 41. Bxb3 Rxb3 42. Ra4 e4 43. Rxe4 Rxb2 44. Ra4 Rcxc2+ 45. Kd1 Rh2 46.
Re4 Rb1# 0-1

[Event "12. Torneo Villa de Mondragón - Arrasat"]
[Site "Mondragón ESP"]
[Date "2012.10.07"]
[Round "4.10"]
[White "Carrascal Korta, Eneko"]
[Black "Uriarte Gabikagogeaskoa, Agust"]
[Result "0-1"]
[WhiteElo "613"]
[BlackElo "1509"]
[PlyCount "74"]
[EventDate "2012.09.14"]
[EventType "swiss"]
[EventRounds "6"]
[EventCountry "ESP"]
[Source "lmi"]
[SourceDate "2012.09.14"]

1. e4 c5 2. Nf3 a6 3. d4 e6 4. Nc3 d6 5. Bc4 b5 6. Be2 Nf6 7. O-O Be7 8. dxc5
dxc5 9. Qxd8+ Bxd8 10. Rd1 Nc6 11. Bf4 Bb7 12. Ne5 Nxe5 13. Bxe5 O-O 14. Bd6
Re8 15. Bxc5 Nxe4 16. Bf3 Nxc5 17. Bxb7 Nxb7 18. Rd2 Be7 19. Rad1 Nd6 20. Rd4
Nc4 21. b3 Na3 22. Ne4 Nxc2 23. R4d2 Nb4 24. a4 Nd5 25. Rc2 Rac8 26. Rdc1 Rxc2
27. Rxc2 b4 28. Rc4 h6 29. Nc5 Bxc5 30. Rxc5 Rd8 31. Rc6 a5 32. Ra6 Nc3 33. h3
Rd5 34. g4 Ne2+ 35. Kg2 Nc1 36. f4 Nxb3 37. Kf3 Nd4+ 0-1